000 00635nam a22002052 4500
001 0000009126
005 20151217155839.0
008 080904s xx 000 0 eng d
020 _cKES 2090
040 _aKABU
_cKABU
100 1 _aHarvey, William Burnett.
_@0000160337
245 1 0 _aIntroduction to the legal system in East Africa /
_cWilliam Burnett Harvey.
260 _aNairobi :
_bK. L. B.,
_c1975.
300 _axxxiii, 902 p.
650 0 _aLaw
_zAfrica, East.
_@0000160338
650 0 _aLaw
_xCases
_zAfrica, East.
_@0000160339
908 _a080904
950 _@1
999 _c13155
_d13155